000 00308nam a22001337a 4500
008 181017b xxu||||| |||| 00| 0 eng d
020 _a9780838505977
041 _aeng
080 _26th
_a610
100 _a4
101 _aSHM
245 _aBasic & Clinical Endocrinology
_cGreenspan,F.S
942 _2udc
_cBK
999 _c49963
_d49963